| 000 | 00862nas a2200253 4500 | ||
|---|---|---|---|
| 001 | BR2010003540 | ||
| 003 | BR-BrBNA | ||
| 005 | 20231205114150.0 | ||
| 007 | ta | ||
| 008 | 230509b bl.|||p| |||| 00| 00por d | ||
| 040 |
_aBR-BrBNA _bpor _cBiblioteca Nacional de Agricultura |
||
| 041 | _a(Pt) | ||
| 072 | _aE13; E14 | ||
| 100 | 1 | _aScalco, P.R. | |
| 100 | 1 | _aVieira, W. da C. | |
| 245 | 1 | _aRegime de metas de inflação: relação entre preços agrícolas, taxa de juros e taxa de câmbio | |
| 650 | _aPOLÍTICA DE PREÇO | ||
| 650 | _aPOLÍTICA ECONÔMICA | ||
| 650 | _aINFLAÇÃO | ||
| 773 | 0 |
_tRevista de Política Agrícola (Brazil) _xISSN 1413-4969 _g(Jan-Mar 2010), v. 19(1) p. 17-23 _wBR2010003540 |
|
| 856 | 4 |
_uRev_Pol_Agr_v19_n1-2010.pdf#page=18 _yRecurso eletrônico (PDF) |
|
| 909 |
_a202311 _bLúcia _c55 _dLúcia Elande |
||
| 942 |
_2AGRIS _n0 _cANA |
||
| 999 |
_c207385 _d207385 |
||